Developing skills for Church leaders / (Record no. 3392)

MARC details
000 -LEADER
fixed length control field 00453nam a2200169Ia 4500
003 - CONTROL NUMBER IDENTIFIER
control field GBCCL
005 - DATE AND TIME OF LATEST TRANSACTION
control field 20241126110454.0
008 - FIXED-LENGTH DATA ELEMENTS--GENERAL INFORMATION
fixed length control field 171127b xxu||||| |||| 00| 0 eng d
040 ## - CATALOGING SOURCE
Transcribing agency gbc
082 ## - DEWEY DECIMAL CLASSIFICATION NUMBER
Classification number 262.1
Item number FOR
100 ## - MAIN ENTRY--PERSONAL NAME
Personal name Ford, LeRoy
9 (RLIN) 6032
245 ## - TITLE STATEMENT
Title Developing skills for Church leaders /
Statement of responsibility, etc. LeRoy Ford
260 ## - PUBLICATION, DISTRIBUTION, ETC.
Name of publisher, distributor, etc. Convention Press,
Place of publication, distribution, etc. Nashville:
Date of publication, distribution, etc. 1968
300 ## - PHYSICAL DESCRIPTION
Extent 61p.;
Dimensions 20 cm.
650 ## - SUBJECT ADDED ENTRY--TOPICAL TERM
Topical term or geographic name entry element Christian Leadership
9 (RLIN) 1568
942 ## - ADDED ENTRY ELEMENTS (KOHA)
Source of classification or shelving scheme Dewey Decimal Classification
Koha item type Books
Koha issues (borrowed), all copies 2
Holdings
Withdrawn status Lost status Source of classification or shelving scheme Damaged status Not for loan Home library Current Library Shelving location Date acquired Total checkouts Full call number Barcode Date last seen Date last checked out Copy number Price effective from Koha item type
    Dewey Decimal Classification     GRACE BIBLE COLLEGE GRACE BIBLE COLLEGE Ministry & Mission 2017-11-27 2 262.1 FOR 007318 2025-05-01 2020-11-03 c.1 2017-11-27 Books
© Grace Bible College Library 2025